000
00293nam a22001337a 4500
008
181218b xxu||||| |||| 00| 0 eng d
020
_a
9780385124270
041
_a
eng
080
_a
510
100
_a
39
101
_a
MAT
245
_a
Mathematics Encyclopedia
_c
Max.S.S
942
_2
udc
_c
BK
999
_c
53372
_d
53372